| 000 | 01475nam a2200361 a 4500 | ||
|---|---|---|---|
| 001 | ebr10271749 | ||
| 003 | CaPaEBR | ||
| 006 | m u | ||
| 007 | cr cn||||||||| | ||
| 008 | 051209s2005 enka fsb 001 0 eng | ||
| 010 | _z 2005296710 | ||
| 015 |
_aGBA552120 _2bnb |
||
| 016 | 7 |
_z013225318 _2Uk |
|
| 020 | _z0199275815 (hbk. : alk paper) | ||
| 020 | _z0199275823 (pbk. : alk paper) | ||
| 024 | 3 | _z9780199275816 (hbk. : alk. paper) | |
| 024 | 3 | _z9780199275823 (pbk. : alk. paper) | |
| 040 |
_aCaPaEBR _cCaPaEBR |
||
| 035 | _a(OCoLC)77801269 | ||
| 050 | 1 | 4 |
_aB2798 _b.R57 2005eb |
| 082 | 0 | 4 |
_a121 _222 |
| 100 | 1 | _aRosenberg, Jay F. | |
| 245 | 1 | 0 |
_aAccessing Kant _h[electronic resource] : _ba relaxed introduction to the Critique of pure reason / _cJay F. Rosenberg. |
| 260 |
_aOxford : _bClarendon Press ; _aNew York : _bOxford University Press, _c2005. |
||
| 300 |
_axi, 312 p. : _bill. |
||
| 504 | _aIncludes bibliographical references (p. [299]-302) and index. | ||
| 533 |
_aElectronic reproduction. _bPalo Alto, Calif. : _cebrary, _d2013. _nAvailable via World Wide Web. _nAccess may be limited to ebrary affiliated libraries. |
||
| 600 | 1 | 0 |
_aKant, Immanuel, _d1724-1804. _tKritik der reinen Vernunft. _lEnglish. |
| 650 | 0 | _aKnowledge, Theory of. | |
| 655 | 7 |
_aElectronic books. _2local |
|
| 710 | 2 | _aebrary, Inc. | |
| 856 | 4 | 0 |
_uhttp://site.ebrary.com/lib/rucke/Doc?id=10271749 _zAn electronic book accessible through the World Wide Web; click to view |
| 999 |
_c8525 _d8525 |
||